Cīvakacintāmaṇi / (Record no. 83116)

MARC details
000 -LEADER
fixed length control field 00646cam a2200217 a 4500
001 - CONTROL NUMBER
control field sa 68009755
003 - CONTROL NUMBER IDENTIFIER
control field DLC
005 - DATE AND TIME OF LATEST TRANSACTION
control field 20260227112546.0
008 - FIXED-LENGTH DATA ELEMENTS--GENERAL INFORMATION
fixed length control field 040908s1966 ii 000 0 tamr
010 ## - LIBRARY OF CONGRESS CONTROL NUMBER
LC control number sa 68009755
025 ## - OVERSEAS ACQUISITION NUMBER
Overseas acquisition number PL480: I-T-2281
040 ## - CATALOGING SOURCE
Original cataloging agency DLC
Transcribing agency DLC
050 00 - LIBRARY OF CONGRESS CALL NUMBER
Classification number PL4758.9.T49
Item number C5 1966
100 0# - MAIN ENTRY--PERSONAL NAME
Personal name Tiruttakkatēvar.
245 10 - TITLE STATEMENT
Title Cīvakacintāmaṇi /
Statement of responsibility, etc. iyar̲r̲iyavar Tiruttakkatēvar ; uraiyāciriyar, Ñā. Māṇikkavācakam.
250 ## - EDITION STATEMENT
Edition statement 1. patippu.
260 ## - PUBLICATION, DISTRIBUTION, ETC.
Place of publication, distribution, etc. Maturai :
Name of publisher, distributor, etc. Aruṇā Patippakam,
Date of publication, distribution, etc. 1966.
300 ## - PHYSICAL DESCRIPTION
Extent 2 v. in 1 ;
Dimensions 18 cm.
546 ## - LANGUAGE NOTE
Language note In Tamil.
700 1# - ADDED ENTRY--PERSONAL NAME
Personal name Maṇikkavācakam, Ñā.,
Dates associated with a name 1930-

No items available.

Powered by Koha